[Event "Titled Tuesday intern op 18th Jul Late"]
[Site "Chess.com INT"]
[Date "2023.07.18"]
[Round "4"]
[White "Montano, Vicente Guadalupe"]
[Black "Piekarski, Atila Balzer"]
[Result "0-1"]
[WhiteElo "1809"]
[BlackElo "1992"]
[PlyCount "26"]
[EventDate "2023.07.18"]
[EventType "swiss (blitz)"]
[EventRounds "11"]
[EventCountry "USA"]
[SourceTitle "EXT 2024"]
[Source "ChessBase"]
[SourceDate "2023.10.10"]
[SourceVersion "1"]
[SourceVersionDate "2023.10.10"]
[SourceQuality "1"]

1. d4 Nf6 2. c4 g6 3. Nc3 Bg7 4. e4 d6 5. h3 0-0 6. Be3 e5 7. d5 a5 8. g4 Na6 9. Nge2 Nd7 10. Ng3 Nac5 11. Bg2 a4 12. Qe2 Qh4 13. f3 Qxg3+ 0-1

[Event "Titled Tuesday intern op 18th Jul Late"]
[Site "Chess.com INT"]
[Date "2023.07.18"]
[Round "8"]
[White "Piekarski, Atila Balzer"]
[Black "Santos, Rafael Ventura Dos"]
[Result "0-1"]
[WhiteElo "1992"]
[BlackElo "2142"]
[PlyCount "74"]
[EventDate "2023.07.18"]
[EventType "swiss (blitz)"]
[EventRounds "11"]
[EventCountry "USA"]
[SourceTitle "EXT 2024"]
[Source "ChessBase"]
[SourceDate "2023.10.10"]
[SourceVersion "1"]
[SourceVersionDate "2023.10.10"]
[SourceQuality "1"]

1. d4 Nf6 2. c4 g6 3. Nc3 Bg7 4. e4 0-0 5. Nf3 d6 6. Be2 e5 7. Be3 Ng4 8. Bg5 f6 9. Bc1 Nc6 10. h3 exd4 11. Nxd4 Nxd4 12. Qxd4 Ne5 13. 0-0 Be6 14. f4 Nc6 15. Qd3 f5 16. Bd2 Re8 17. exf5 Bxf5 18. Qd5+ Kh8 19. Rae1 Nb4 20. Qxb7 Bd4+ 21. Kh1 Rb8 22. Qf3 Nc2 23. Rd1 Rxb2 24. Bc1 Rb8 25. Nd5 Bg7 26. Bd3 Nd4 27. Qg3 Bxd3 28. Qxd3 Nf5 29. Kh2 h5 30. Rfe1 c6 31. Ne3 Nxe3 32. Rxe3 Rxe3 33. Bxe3 d5 34. Qxg6 d4 35. Qxh5+ Kg8 36. Qg5 Qxg5 37. fxg5 dxe3 0-1

[Event "Taubate op 3rd"]
[Site "Taubate"]
[Date "2022.12.04"]
[Round "5"]
[White "Figueira, Leandro Lucas"]
[Black "Piekarski, Atila Balzer"]
[Result "1/2-1/2"]
[WhiteElo "1415"]
[BlackElo "2088"]
[PlyCount "94"]
[EventDate "2022.12.01"]
[EventType "swiss"]
[EventRounds "6"]
[EventCountry "BRA"]
[SourceTitle "CBM 211 Extra"]
[Source "ChessBase"]
[SourceDate "2023.01.31"]
[SourceVersion "1"]
[SourceVersionDate "2023.01.31"]
[SourceQuality "1"]

1. d4 Nf6 2. Bf4 d5 3. e3 c5 4. c3 Nc6 5. Nf3 Qb6 6. b3 Bf5 7. Nbd2 e6 8. a3 h6 9. Be2 Be7 10. 0-0 Nh5 11. Be5 Nf6 12. Bg3 Nh5 13. Be5 Nf6 14. Bg3 0-0 15. b4 cxb4 16. cxb4 a5 17. b5 Na7 18. a4 Nc8 19. Qb3 Nd6 20. Rac1 Rac8 21. Ne5 Rfd8 22. Qb2 Kf8 23. Rxc8 Rxc8 24. Rc1 Qd8 25. Nb3 Nfe4 26. Nc5 f6 27. Nxe4 Nxe4 28. Nd3 Nxg3 29. hxg3 b6 30. Nf4 Rxc1+ 31. Qxc1 e5 32. g4 Bc8 33. Ng6+ Kf7 34. Nxe7 Kxe7 35. f3 Bd7 36. Kf2 Qc8 37. Qxc8 Bxc8 38. g3 g5 39. Bd1 Kd6 40. Kg2 f5 41. gxf5 Bxf5 42. g4 Bd3 43. Kg3 Ke6 44. Bb3 Bc4 45. Bd1 Kf6 46. Bc2 Be2 47. Kf2 Bc4 1/2-1/2

[Event "Florianopolis Spring op 2nd"]
[Site "Florianopolis"]
[Date "2022.10.22"]
[Round "3"]
[White "Piekarski, Atila Balzer"]
[Black "Felix, Joao Eduardo Orland"]
[Result "1-0"]
[WhiteElo "2080"]
[BlackElo "1638"]
[PlyCount "89"]
[EventDate "2022.10.21"]
[EventType "swiss"]
[EventRounds "6"]
[EventCountry "BRA"]
[SourceTitle "EXT 2024"]
[Source "ChessBase"]
[SourceDate "2023.10.10"]
[SourceVersion "1"]
[SourceVersionDate "2023.10.10"]
[SourceQuality "1"]

1. e4 c5 2. Nf3 e6 3. d4 cxd4 4. Nxd4 Nf6 5. Nc3 Nc6 6. Ndb5 a6 7. Nd6+ Bxd6 8. Qxd6 Qe7 9. Bf4 0-0 10. 0-0-0 Ng4 11. Qd2 Re8 12. f3 Nge5 13. Kb1 b5 14. Bg5 f6 15. Be3 Rb8 16. Qd6 Qxd6 17. Rxd6 Nf7 18. Rd2 d6 19. Be2 Bb7 20. Bf4 e5 21. Be3 Ne7 22. Rhd1 Rbc8 23. a4 b4 24. Na2 Nc6 25. Bc4 Kf8 26. Bxf7 Kxf7 27. Rxd6 Re7 28. Bb6 a5 29. Nc1 Ra8 30. Nb3 Ra6 31. Be3 Ba8 32. Nc5 Raa7 33. Nd7 Rc7 34. Nb6 Bb7 35. Nd5 Rcd7 36. Nxe7 Rxd6 37. Rxd6 Kxe7 38. Bc5 Ke8 39. b3 Nd8 40. Kb2 Nc6 41. c3 h6 42. cxb4 axb4 43. a5 Nxa5 44. Bxb4 Nc6 45. Bc5 1-0

[Event "Titled Tuesday intern op 26th Apr Late"]
[Site "Chess.com INT"]
[Date "2022.04.26"]
[Round "6"]
[White "Kanyamarala, Trisha"]
[Black "Piekarski, Atila Balzer"]
[Result "1-0"]
[WhiteElo "2198"]
[BlackElo "2050"]
[PlyCount "37"]
[EventDate "2022.04.26"]
[EventType "swiss (blitz)"]
[EventRounds "11"]
[EventCountry "USA"]
[SourceTitle "CBM 208 Extra"]
[Source "ChessBase"]
[SourceDate "2022.07.31"]
[SourceVersion "1"]
[SourceVersionDate "2022.07.31"]
[SourceQuality "1"]

1. d4 d5 2. c4 dxc4 3. e3 c5 4. Bxc4 cxd4 5. exd4 Qc7 6. Qc2 Be6 7. Bb5+ Nc6 8. Nc3 Nf6 9. Nf3 a6 10. Bxc6+ Qxc6 11. 0-0 Rd8 12. Ne5 Qc7 13. Be3 Nd5 14. Qa4+ b5 15. Qxa6 Nxc3 16. bxc3 Qxc3 17. Qxb5+ Bd7 18. Nxd7 Rxd7 19. Rac1 1-0

[Event "Titled Tuesday intern op 26th Apr Late"]
[Site "Chess.com INT"]
[Date "2022.04.26"]
[Round "11"]
[White "Piekarski, Atila Balzer"]
[Black "Mirza, Diana"]
[Result "0-1"]
[WhiteElo "2050"]
[BlackElo "1905"]
[PlyCount "46"]
[EventDate "2022.04.26"]
[EventType "swiss (blitz)"]
[EventRounds "11"]
[EventCountry "USA"]
[SourceTitle "CBM 208 Extra"]
[Source "ChessBase"]
[SourceDate "2022.07.31"]
[SourceVersion "1"]
[SourceVersionDate "2022.07.31"]
[SourceQuality "1"]

1. d4 Nf6 2. Bg5 h6 3. Bxf6 gxf6 4. c4 e5 5. e3 d6 6. Nc3 Bf5 7. h3 Na6 8. Qf3 Qc8 9. g4 Nb4 10. 0-0-0 Bg6 11. Qxf6 Rg8 12. Nd5 Nxa2+ 13. Kd2 c6 14. Nc3 Nxc3 15. bxc3 exd4 16. cxd4 Qe6 17. Qxe6+ fxe6 18. Bg2 d5 19. c5 b6 20. cxb6 axb6 21. Ne2 Bb4+ 22. Kc1 Ra2 23. Nf4 Ba3# 0-1

[Event "Titled Tuesday intern op 26th Apr Late"]
[Site "Chess.com INT"]
[Date "2022.04.26"]
[Round "1"]
[White "Piekarski, Atila Balzer"]
[Black "Suder, Jakub"]
[Result "1-0"]
[WhiteElo "2050"]
[BlackElo "2306"]
[PlyCount "153"]
[EventDate "2022.04.26"]
[EventType "swiss (blitz)"]
[EventRounds "11"]
[EventCountry "USA"]
[SourceTitle "CBM 208 Extra"]
[Source "ChessBase"]
[SourceDate "2022.07.31"]
[SourceVersion "1"]
[SourceVersionDate "2022.07.31"]
[SourceQuality "1"]

1. d4 d5 2. Bg5 c6 3. Nc3 Qb6 4. Qd2 Nd7 5. f3 e5 6. dxe5 Bc5 7. e3 h6 8. Na4 Qb4 9. Nxc5 Qxc5 10. Bf4 Ne7 11. Bg3 Ng6 12. f4 Nb6 13. Bf2 Qe7 14. Nf3 Bg4 15. 0-0-0 0-0-0 16. Kb1 Kb8 17. Be2 f6 18. exf6 Qxf6 19. h3 Bxf3 20. gxf3 Rhe8 21. Bd3 Ne7 22. Rhg1 Nec8 23. Rg6 Qf8 24. Rdg1 Rd7 25. b3 Nd6 26. Qc3 Ree7 27. e4 dxe4 28. fxe4 Ne8 29. f5 Ka8 30. e5 Nd5 31. Qc5 Nb6 32. f6 gxf6 33. exf6 Rf7 34. Qxf8 Rxf8 35. Rg8 Rdf7 36. Rxf8 Rxf8 37. Bd4 Nd5 38. Rg7 Nexf6 39. Bxf6 Nxf6 40. Kb2 Kb8 41. a4 Nd5 42. Rg6 Rf6 43. Rg8+ Kc7 44. Rh8 Nf4 45. Be4 Kb6 46. a5+ Kxa5 47. Rh7 Kb6 48. b4 Ne6 49. Kb3 Ng5 50. Re7 Nxe4 51. Rxe4 Rf3+ 52. c3 Rxh3 53. Re7 h5 54. Rh7 h4 55. Kc4 Ka6 56. Rh6 Rh1 57. Kc5 h3 58. c4 h2 59. Rh5 Rg1 60. Rxh2 Rg5+ 61. Kd4 Rg6 62. Rh5 Kb6 63. Rf5 Rg7 64. Rh5 Kc7 65. Kc5 Rd7 66. b5 b6+ 67. Kb4 Rd3 68. bxc6 Kxc6 69. Rh6+ Kb7 70. Rh7+ Ka6 71. Rg7 Rf3 72. Rh7 Rf4 73. Re7 Rh4 74. Rg7 Rh5 75. Rf7 Rc5 76. Rg7 Rc8 77. Rh7 1-0

[Event "Florianopolis op 8th"]
[Site "Florianopolis"]
[Date "2022.01.29"]
[Round "9"]
[White "Silva, Kaua Marques"]
[Black "Piekarski, Atila Balzer"]
[Result "0-1"]
[WhiteElo "2170"]
[BlackElo "2032"]
[PlyCount "144"]
[EventDate "2022.01.24"]
[EventType "swiss"]
[EventRounds "10"]
[EventCountry "BRA"]
[SourceTitle "EXT 2023"]
[Source "ChessBase"]
[SourceDate "2022.10.05"]
[SourceVersion "1"]
[SourceVersionDate "2022.10.05"]
[SourceQuality "1"]

1. e4 c6 2. d4 d5 3. e5 c5 4. dxc5 e6 5. a3 Nc6 6. Nf3 Bxc5 7. b4 Bb6 8. Bb2 Nge7 9. Bd3 Ng6 10. 0-0 0-0 11. Re1 f6 12. exf6 gxf6 13. c4 Nf4 14. cxd5 Qxd5 15. Be4 Qxd1 16. Rxd1 e5 17. Nbd2 Be6 18. Nh4 Ne7 19. Ndf3 Rac8 20. Bxb7 Rc2 21. Bc1 Ne2+ 22. Kh1 Nxc1 23. Raxc1 Rxc1 24. Rxc1 Bxf2 25. Rd1 Rb8 26. Ba6 Rb6 27. Bd3 Rc6 28. g3 Rc3 29. Kg2 Be3 30. a4 Kg7 31. Be4 Rb3 32. b5 Bb6 33. Bc2 Rb2 34. Rd2 Nd5 35. Kh1 Ne3 36. Be4 Rb4 37. Rd6 Bh3 38. Ng1 Rxe4 39. Nxh3 Rxa4 40. Rd7+ Kg8 41. Ng1 Ra1 42. h3 Nc4 43. Nf5 Rxg1+ 44. Kh2 Rf1 45. g4 Be3 46. Rd8+ Kf7 47. Kg3 Rc1 48. Kf3 Bf4 49. Rd7+ Ke6 50. Rxa7 Rc3+ 51. Ke2 Rxh3 52. Ra6+ Kd5 53. Rxf6 Kc5 54. Ng7 Kxb5 55. Nh5 Rxh5 56. gxh5 h6 57. Kd3 Kc5 58. Rf8 Kd5 59. Kc3 Nd6 60. Kd3 Ke6 61. Ke2 Ne4 62. Kf3 Nf6 63. Ra8 Kf5 64. Ra1 Nxh5 65. Ra8 Nf6 66. Ra1 h5 67. Ra5 h4 68. Ra1 h3 69. Rh1 e4+ 70. Ke2 h2 71. Kf2 Be5 72. Ke2 Nd5 0-1

[Event "Florianopolis op 8th"]
[Site "Florianopolis"]
[Date "2022.01.28"]
[Round "7"]
[White "Alboredo, Julia"]
[Black "Piekarski, Atila Balzer"]
[Result "1-0"]
[WhiteElo "2200"]
[BlackElo "2032"]
[PlyCount "53"]
[EventDate "2022.01.24"]
[EventType "swiss"]
[EventRounds "10"]
[EventCountry "BRA"]
[SourceTitle "EXT 2023"]
[Source "ChessBase"]
[SourceDate "2022.10.05"]
[SourceVersion "1"]
[SourceVersionDate "2022.10.05"]
[SourceQuality "1"]

1. e4 c6 2. d4 d5 3. e5 c5 4. dxc5 e6 5. a3 Nc6 6. Nf3 Bxc5 7. b4 Bb6 8. Bd3 Nge7 9. Bb2 Ng6 10. 0-0 0-0 11. Re1 Nf4 12. Bf1 f6 13. exf6 gxf6 14. c4 dxc4 15. Bxc4 Qxd1 16. Rxd1 Rd8 17. Rxd8+ Bxd8 18. Nc3 Kf8 19. Rd1 a6 20. Ne4 b5 21. Bf1 Nd5 22. Nc5 Ra7 23. Nd2 Rg7 24. Nde4 Be7 25. g3 Rg8 26. Nb3 Bd8 27. Rc1 1-0

[Event "Pan American-ch U2300"]
[Site "Timbo"]
[Date "2021.12.05"]
[Round "9"]
[White "Volkmann, Andre Jordi"]
[Black "Piekarski, Atila Balzer"]
[Result "1-0"]
[WhiteElo "2060"]
[BlackElo "2044"]
[PlyCount "77"]
[EventDate "2021.12.01"]
[EventType "swiss"]
[EventRounds "9"]
[EventCountry "BRA"]
[SourceTitle "CBM 205 Extra"]
[Source "ChessBase"]
[SourceDate "2022.01.31"]
[SourceVersion "1"]
[SourceVersionDate "2022.01.31"]
[SourceQuality "1"]

1. d4 d5 2. c4 dxc4 3. e4 e5 4. Nf3 exd4 5. Bxc4 Nc6 6. 0-0 Be6 7. Nbd2 Bc5 8. Bxe6 fxe6 9. Nb3 Bb6 10. Ng5 Qd7 11. Qg4 0-0-0 12. Qxe6 Nf6 13. f3 Rhe8 14. Qc4 Ne5 15. Qb4 d3+ 16. Kh1 d2 17. Bxd2 Nd3 18. Qc4 Qe7 19. Nh3 Nxb2 20. Qc2 Nd3 21. a4 a6 22. a5 Ba7 23. Ra4 Nd7 24. Qxd3 Nc5 25. Qc4 Nxb3 26. Bg5 Nd2 27. Bxe7 Nxc4 28. Bxd8 Ne3 29. Rc1 Rxd8 30. Ra2 c5 31. Nf4 Kb8 32. Ne6 Rd7 33. h3 c4 34. Nf4 Rd4 35. Nd5 Nd1 36. Rac2 Ka8 37. Rxc4 Nf2+ 38. Kh2 Bb8+ 39. Kg1 1-0

[Event "Pan American-ch U2300"]
[Site "Timbo"]
[Date "2021.12.04"]
[Round "8"]
[White "Piekarski, Atila Balzer"]
[Black "Caetano, Ryan Wesley da Cost"]
[Result "1-0"]
[WhiteElo "2044"]
[BlackElo "2226"]
[PlyCount "79"]
[EventDate "2021.12.01"]
[EventType "swiss"]
[EventRounds "9"]
[EventCountry "BRA"]
[SourceTitle "CBM 205 Extra"]
[Source "ChessBase"]
[SourceDate "2022.01.31"]
[SourceVersion "1"]
[SourceVersionDate "2022.01.31"]
[SourceQuality "1"]

1. d4 Nf6 2. Bg5 d5 3. Bxf6 gxf6 4. c4 dxc4 5. e3 Rg8 6. Qh5 Rg5 7. Qxh7 Bf5 8. Qh8 c5 9. Nc3 cxd4 10. exd4 Nc6 11. 0-0-0 Qc7 12. g3 Bg6 13. Be2 0-0-0 14. h4 Ra5 15. h5 Bf5 16. h6 b5 17. Rh5 b4 18. Rxf5 bxc3 19. Rxa5 Qxa5 20. Bxc4 Qb4 21. Bb3 Nxd4 22. bxc3 Qxc3+ 23. Kb1 e6 24. Ne2 Qa5 25. Nxd4 Bc5 26. Nc6 Rxh8 27. Nxa5 Rxh6 28. Rc1 Kc7 29. Rxc5+ Kb6 30. Rc2 Kxa5 31. Rc7 Rh1+ 32. Kb2 Rh2 33. Rc2 Kb6 34. Kc3 f5 35. Kd4 f4 36. gxf4 Rh4 37. Ke5 Rh5+ 38. Kd6 a5 39. Ba4 Rh2 40. Be8 1-0

[Event "Pan American-ch U2300"]
[Site "Timbo"]
[Date "2021.12.04"]
[Round "7"]
[White "Piekarski, Atila Balzer"]
[Black "Ribeiro, Erica de Jesus"]
[Result "1-0"]
[WhiteElo "2044"]
[BlackElo "1450"]
[PlyCount "73"]
[EventDate "2021.12.01"]
[EventType "swiss"]
[EventRounds "9"]
[EventCountry "BRA"]
[SourceTitle "CBM 205 Extra"]
[Source "ChessBase"]
[SourceDate "2022.01.31"]
[SourceVersion "1"]
[SourceVersionDate "2022.01.31"]
[SourceQuality "1"]

1. d4 Nf6 2. Bg5 e6 3. e4 d5 4. e5 h6 5. Be3 Nfd7 6. f4 c5 7. c3 Nc6 8. Nf3 Qb6 9. Qd2 cxd4 10. cxd4 Bb4 11. Nc3 Bxc3 12. bxc3 0-0 13. c4 Qb4 14. cxd5 Qxd2+ 15. Bxd2 exd5 16. Rc1 Re8 17. Bb5 Ndb8 18. Rc5 Be6 19. Kf2 a6 20. Ba4 b5 21. Bb3 Rd8 22. Rhc1 Ne7 23. Ba5 Re8 24. Rc7 Nd7 25. Bb4 Nc8 26. h3 Ncb6 27. g4 g6 28. Bc2 f5 29. exf6 Kf7 30. f5 gxf5 31. gxf5 Kxf6 32. fxe6 Rxe6 33. Rg1 Rae8 34. Rg6+ Kf7 35. Ne5+ Rxe5 36. dxe5 Rxe5 37. Rcc6 1-0

[Event "Paulista-chT"]
[Site "Sao Paolo"]
[Date "2011.02.26"]
[Round "1"]
[White "Bispo, Leonardo"]
[Black "Piekarski, Atila Balzer"]
[Result "1-0"]
[WhiteElo "2202"]
[BlackElo "2049"]
[PlyCount "111"]
[EventDate "2011.02.26"]
[EventType "team-tourn"]
[EventRounds "7"]
[EventCountry "BRA"]
[SourceTitle "CBM 141 Extra"]
[Source "ChessBase"]
[SourceDate "2011.05.03"]
[SourceVersion "1"]
[SourceVersionDate "2011.05.03"]
[SourceQuality "1"]
[WhiteTeam "CXS"]
[BlackTeam "CXS II"]
[WhiteTeamCountry "BRA"]
[BlackTeamCountry "BRA"]

1. d4 c6 2. c4 d5 3. Nf3 Nf6 4. Nc3 a6 5. e3 b5 6. b3 Bg4 7. Be2 e6 8. h3 Bh5 9. Ne5 Bxe2 10. Qxe2 Bb4 11. Bd2 bxc4 12. bxc4 c5 13. 0-0 0-0 14. cxd5 cxd4 15. exd4 Bxc3 16. Bxc3 Nxd5 17. Bd2 Nd7 18. Qg4 N5f6 19. Qf3 Nxe5 20. dxe5 Nd5 21. Qg3 Kh8 22. a4 Rb8 23. a5 Rb5 24. Ra4 Qc7 25. Rg4 Ne7 26. Bb4 Rg8 27. Bd6 Qa7 28. Rc1 Nf5 29. Qf3 Rxa5 30. Rc7 Qb6 31. Rb7 Ra1+ 32. Kh2 Qa5 33. Rxf7 Qe1 34. Rxf5 exf5 35. Qxf5 Qh1+ 36. Kg3 Qb1 37. Qf7 Qa2 38. e6 Qd5 39. Qc7 Rc1 40. Qxc1 Qxd6+ 41. f4 Qxe6 42. Qa1 Qh6 43. Rg5 Rf8 44. Qa4 Qd6 45. Ra5 Ra8 46. Qe4 Rf8 47. Qc4 Ra8 48. Rd5 Qb6 49. Qd3 h6 50. Rd6 Qa7 51. Rc6 a5 52. Qc3 Re8 53. Rxh6+ Kg8 54. Qc4+ Kf8 55. Rh8+ Ke7 56. Qe4+ 1-0

[Event "Curitiba op"]
[Site "Curitiba"]
[Date "2010.11.19"]
[Round "2"]
[White "Piekarski, Atila Balzer"]
[Black "Aranha Filho, Alvaro Zimmermann"]
[Result "0-1"]
[WhiteElo "2053"]
[BlackElo "2317"]
[PlyCount "68"]
[EventDate "2010.11.19"]
[EventType "swiss"]
[EventRounds "6"]
[EventCountry "BRA"]
[SourceTitle "CBM 139 Extra"]
[Source "ChessBase"]
[SourceDate "2011.01.05"]
[SourceVersion "1"]
[SourceVersionDate "2011.01.05"]
[SourceQuality "1"]

1. d4 Nf6 2. Bg5 Ne4 3. h4 d5 4. Nd2 Nxd2 5. Qxd2 h6 6. Bf4 Bf5 7. e3 e6 8. Bd3 Bxd3 9. cxd3 Bd6 10. Ne2 Nc6 11. 0-0-0 Bxf4 12. Nxf4 Qf6 13. g4 0-0-0 14. Rdg1 g6 15. g5 hxg5 16. hxg5 Rxh1 17. gxf6 Rxg1+ 18. Kc2 Rh8 19. Qc3 g5 20. Nxe6 fxe6 21. e4 Rg2 22. Qd2 Nxd4+ 23. Kc3 Nc6 24. Qe2 d4+ 25. Kb3 Ne5 26. Qd2 Kd7 27. Qb4 Nc6 28. Qa3 Rxf2 29. Qc5 Rhh2 30. Qf8 Rxb2+ 31. Ka3 Rxa2+ 32. Kb3 Rhb2+ 33. Kc4 Ra4+ 34. Kc5 b6# 0-1

[Event "Curitiba CXC 70 anos"]
[Site "Curitiba"]
[Date "2008.11.??"]
[Round "3"]
[White "Piekarski, Atila Balzer"]
[Black "Kaniak, Ulisses"]
[Result "0-1"]
[WhiteElo "2056"]
[BlackElo "2172"]
[PlyCount "40"]
[EventDate "2008.11.??"]
[EventType "swiss"]
[EventRounds "6"]
[EventCountry "BRA"]
[SourceTitle "EXT 2022"]
[Source "ChessBase"]
[SourceDate "2021.10.06"]
[SourceVersion "1"]
[SourceVersionDate "2021.10.06"]
[SourceQuality "1"]

1. d4 g6 2. Bg5 Bg7 3. e3 c5 4. c3 cxd4 5. exd4 Qb6 6. Qb3 Qa5 7. Be3 Nc6 8. Nf3 Nf6 9. Nbd2 d5 10. h3 0-0 11. Bf4 Ne4 12. Rd1 Re8 13. Bd3 e5 14. dxe5 Nxe5 15. Nxe5 Nc5 16. Qxd5 Nxd3+ 17. Qxd3 Bxe5 18. Bxe5 Qxe5+ 19. Kf1 Bf5 20. Qc4 Rad8 0-1